| 000 | 01678nam a2200301Ia 4500 | ||
|---|---|---|---|
| 001 | 76526 | ||
| 003 | IT-RoPAU | ||
| 008 | 130308s9999 xx 000 0 und d | ||
| 040 | _aIT-RoPAU | ||
| 040 | _cIT-RoPAU | ||
| 041 | _aITALIANO | ||
| 100 | _aGaltieri Gino | ||
| 100 | _gCodice Aut. SPICS: 6302 | ||
| 245 | _aProtezione del diritto di autore e dei diritti connessi | ||
| 245 | _bProtezione del Diritto di Autore e dei Diritti Connessi | ||
| 250 | _a2a ed. | ||
| 260 | _aROMA | ||
| 260 | _bSapere 2000 Srl | ||
| 260 | _c1989 [1° Ed.:1988 - Ed.Ling.Originale:1988] | ||
| 300 | _a"360 p. (prefazione: no ; testo: 360 [pagine: 0-0])" | ||
| 500 | _aDiritto di Autore nella legislazione Italiana Opere Protette Oggetto di Diritto soggetti del Diritto Diritti Esclusivi di utilizzazione Economica Disposizioni particolari per Alcune Categorie di Opere Durata dei Diritti Patrimoniali Limitazioni dei Diritti Patrimoniali dell'Autore Trasmissione dei Diritti Patrimoniali Difese e sanzioni a tutela del Diritto di Autore Diritto di Autore e nuove tecnologie di Riproduzione e Diffusione Diritti connessi nella legislazione Italiana Contenuto dei Diritti connessi Diritto di Autore nelle convenzioni internazionali Organizzazioni internazionali Convenzione di Berna Diritti connessi nelle convenzioni internazionali Convenzione di Roma Sui Diritti connessi Accordi Europei in materia di Radiodiffusioneorganizzazione Amministrativa del Diritto di Autore vigilanza Sulla Siae leggi e Decreti Italiani Sul Diritto di Autore | ||
| 650 | _aDIRITTO GENERALE | ||
| 650 | _eCodice materia Spics: 4601 | ||
| 942 | _cBK | ||
| 957 | _71 | ||
| 999 |
_c68294 _d68294 |
||
| 999 | _bSI | ||
| 999 | _g1 | ||